Catálogo público

Información económica Pecuaria no. 9 / (Record no. 167647)

MARC details
000 -CABECERA
campo de control de longitud fija 00916nam a2200313Ia 4500
001 - NÚMERO DE CONTROL
campo de control Z_4572
003 - IDENTIFICADOR DEL NÚMERO DE CONTROL
campo de control CHAP
008 - DATOS DE LONGITUD FIJA--INFORMACIÓN GENERAL
campo de control de longitud fija 220113s2000 xx 000 0 und d
010 ## - NÚMERO DE CONTROL DE LA BIBLIOTECA DEL CONGRESO
Número de control de LC 167647
040 ## - FUENTE DE LA CATALOGACIÓN
Centro/agencia transcriptor CHAP
090 ## - LOCALMENTE ASIGNADO TIPO-LC NÚMERO DE CLASIFICACIÓN (OCLC); NÚMERO DE CLASIFICACIÓN LOCAL (RLIN)
Número de clasificación (OCLC) (R) ; Numero de clasificación, CALL (RLIN) (NR) Folleto 98 1999
100 ## - ENTRADA PRINCIPAL--NOMBRE DE PERSONA
Nombre de persona Confederación Nacional Ganadera. Dirección de Estudios Económicos y Comercio Internacional
9 (RLIN) 141469
245 ## - MENCIÓN DE TÍTULO
Título Información económica Pecuaria no. 9 /
Mención de responsabilidad, etc. por Confederación Nacional Ganadera
260 ## - PUBLICACIÓN, DISTRIBUCIÓN, ETC.
Lugar de publicación, distribución, etc. México, D. F. :
Nombre del editor, distribuidor, etc. CNG,
Fecha de publicación, distribución, etc. 2000
300 ## - DESCRIPCIÓN FÍSICA
Extensión 76 p. ; cuad.
440 ## - MENCIÓN DE SERIE/PUNTO DE ACCESO ADICIONAL--TÍTULO
Título
500 ## - NOTA GENERAL
Nota general Fotocopía
503 ## - NOTA DE HISTORIA BIBLIOGRÁFICA (BK CF MU) [OBSOLETO]
Nota de historia bibliográfica
650 ## - PUNTO DE ACCESO ADICIONAL DE MATERIA--TÉRMINO DE MATERIA
Término de materia o nombre geográfico como elemento de entrada Productos pecuarios
Subdivisión general Consumo
9 (RLIN) 92165
650 ## - PUNTO DE ACCESO ADICIONAL DE MATERIA--TÉRMINO DE MATERIA
Término de materia o nombre geográfico como elemento de entrada Productos pecuarios
Subdivisión general Exportación
9 (RLIN) 92174
650 ## - PUNTO DE ACCESO ADICIONAL DE MATERIA--TÉRMINO DE MATERIA
Término de materia o nombre geográfico como elemento de entrada Productos pecuarios
Subdivisión general Importación
9 (RLIN) 92177
650 ## - PUNTO DE ACCESO ADICIONAL DE MATERIA--TÉRMINO DE MATERIA
Término de materia o nombre geográfico como elemento de entrada Productos pecuarios
Subdivisión general Mercadeo
901 ## - ELEMENTOS DE DATOS A LOCAL LDA (RLIN)
a Folleto 98 1999
902 ## - ELEMENTOS DE DATOS B LOCAL, LDB (RLIN)
a A
910 ## - DATOS DE OPCIÓN DEL USUARIO (OCLC)
Datos de opción del usuario 2000
942 ## - ELEMENTOS DE PUNTO DE ACCESO ADICIONAL (KOHA)
Tipo de ítem Koha
942 ## - ELEMENTOS DE PUNTO DE ACCESO ADICIONAL (KOHA)
Tipo de ítem Koha
Holdings
Estado de retiro Estado de pérdida Fuente del sistema de clasificación o colocación Estado dañado No para préstamo Código de colección Localización permanente Ubicación/localización actual Ubicación en estantería Fecha de adquisición Total de préstamos Código de barras Fecha visto por última vez Número de copia Precio válido a partir de Tipo de ítem Koha
    Clasificación Universidad Autónoma de Chapingo     Folletos Zootecnia Zootecnia   09/11/2005   z_A1694 18/01/2022 1 18/01/2022 Folleto
    Clasificación Universidad Autónoma de Chapingo     Folletos Zootecnia Zootecnia   09/11/2005   z_A1695 18/01/2022 2 18/01/2022 Folleto